000
00243nam a2200085Ia 4500
245
0
_a
Ashley learns about strangers
100
_a
York, Sarah Mountbatten-Windsor New York, 2009
942
_c
BK
008
210817s9999 xx 000 0 und d
999
_c
305010
_d
305009